[Event "POLFINAL MISTRZOSTW POLSKI JUNIOROW 2016 - C15"]
[Site "Centrum Kongresow i Rekreacji Orle Gniazdo ul. Wrzosowa 28a, Szczyrk"]
[Date "1899-12-30"]
[Round "5.3"]
[White "Kaminski, Maciej"]
[Black "Posluszny, Tomasz"]
[Result "0-1"]
[WhiteTitle "I"]
[BlackTitle "II"]
[WhiteElo "1782"]
[BlackElo "1783"]

1. e4 c5 2. Nf3 e6 3. d4 cxd4 4. Nxd4 Nf6 5. Nc3 Nc6 6. Ndb5 Bb4 7. a3 Bxc3+ 8.
Nxc3 d5 9. exd5 exd5 10. Bd3 d4 11. Ne2 h6 12. O-O O-O 13. Ng3 Qd5 14. Bf4 Bd7
15. h4 Rfe8 16. Qd2 Ne5 17. Rfe1 Bc6 18. f3 Nxd3 19. Qxd3 Rad8 20. Qf5 Re6 21.
Re5 Rxe5 22. Qxe5 Re8 23. Qd6 Re6 24. Qb8+ Kh7 25. Qxa7 g5 26. hxg5 hxg5 27. Bd2
Qd6 28. Nf5 Qe5 29. Nxd4 Ng4 30. f4 Qd5 31. Nf3 Re2 32. Nxg5+ Kg6 33. f5+ Kh5
34. Nf3 Rxg2+ 35. Kh1 Qxf3 36. Qb8 Rh2+ 37. Kg1 0-1

[Event "POLFINAL MISTRZOSTW POLSKI JUNIOROW 2016 - C15"]
[Site "Centrum Kongresow i Rekreacji Orle Gniazdo ul. Wrzosowa 28a, Szczyrk"]
[Date "1899-12-30"]
[Round "5.4"]
[White "Jarzebowski, Kacper"]
[Black "Radecki, Adam"]
[Result "1-0"]
[WhiteTitle "I+"]
[BlackTitle "I"]
[WhiteElo "1852"]
[BlackElo "1456"]

1. e4 c5 2. Nf3 e6 3. d4 cxd4 4. Nxd4 Nc6 5. g3 Bc5 6. Nb3 Be7 7. Bg2 b6 8. O-O
Bb7 9. Nc3 a6 10. a4 d6 11. f4 Qc7 12. Be3 Rc8 13. f5 Nd8 14. Nd4 e5 15. Nde2
Nf6 16. Bf3 Nd7 17. Qe1 Bc6 18. g4 Qb7 19. Qg3 Nf6 20. Qg2 g6 21. g5 Nd7 22. Bg4
Rc7 23. Ng3 b5 24. axb5 Bxb5 25. Nd5 Bxf1 26. Rxf1 Rc6 27. Qh3 h5 28. fxg6 fxg6
29. Nxh5 Rxh5 30. Bxh5 Nf8 31. Bg4 Rxc2 32. b4 Rc6 33. Qh8 Rc2 34. Qg7 Nde6 35.
Qf7+ Kd8 36. Bxe6 Nxe6 37. Qxe6 Rc6 38. Rf7 Rc7 39. Bb6 Ke8 40. Nf6+ Kd8 41. Rf8+
Bxf8 42. Qe8# 1-0

[Event "POLFINAL MISTRZOSTW POLSKI JUNIOROW 2016 - C15"]
[Site "Centrum Kongresow i Rekreacji Orle Gniazdo ul. Wrzosowa 28a, Szczyrk"]
[Date "1899-12-30"]
[Round "5.5"]
[White "Paliwoda, Borys"]
[Black "Dytman, Radoslaw"]
[Result "1/2-1/2"]
[WhiteTitle "II+"]
[BlackTitle "I"]
[WhiteElo "1717"]
[BlackElo "1771"]

1. e4 e5 2. Nf3 Nc6 3. Bc4 Bc5 4. c3 Nf6 5. d3 a6 6. Bb3 Ba7 7. O-O d6 8. Re1 O-O
9. Nbd2 Be6 10. Nf1 Qd7 11. Ng3 h6 12. h3 Rad8 13. Be3 Rfe8 14. Bxa7 Nxa7 15.
d4 Bxb3 16. Qxb3 Qc6 17. Rac1 g6 18. Qd1 Qb6 19. Qd2 Kh7 20. Re3 Nc6 21. d5 Ne7
22. Nh2 Nd7 23. Rf3 Kg7 24. c4 c6 25. Rcc3 cxd5 26. cxd5 Rc8 27. Ng4 Ng8 28. Rb3
Qc7 29. Qc3 Nc5 30. Ra3 Qd7 31. Qe3 Qe7 32. Nh2 Rf8 33. b4 Nd7 34. Rc3 b5 35.
Qa7 Ra8 36. Qe3 Rac8 37. Qa7 Ra8 38. Qe3 Rac8 39. Qa7 Ra8 40. Qe3 Rac8 1/2-1/2

[Event "POLFINAL MISTRZOSTW POLSKI JUNIOROW 2016 - C15"]
[Site "Centrum Kongresow i Rekreacji Orle Gniazdo ul. Wrzosowa 28a, Szczyrk"]
[Date "1899-12-30"]
[Round "5.6"]
[White "Dzwierzynski, Bartosz"]
[Black "Galuszka, Tomasz"]
[Result "1-0"]
[WhiteTitle "II"]
[BlackTitle "II+"]
[WhiteElo "1650"]
[BlackElo "1752"]

1. d4 d5 2. c4 c6 3. Nf3 Nf6 4. Nc3 e6 5. e3 Nbd7 6. Bd3 Bd6 7. O-O O-O 8. e4 dxc4
9. Bxc4 e5 10. Be3 Qe7 11. Bd3 exd4 12. Nxd4 Ne5 13. f3 Rd8 14. Be2 Bc5 15. Na4
Bxd4 16. Bxd4 b6 17. f4 c5 18. fxe5 Rxd4 19. exf6 Qxe4 20. Qc1 Qxe2 21. Re1 Qb5
22. Qg5 Rg4 23. Qd5 Qd7 24. Qxa8 gxf6 25. Rad1 Rd4 26. Rxd4 cxd4 27. Qe4 Kg7 28.
b3 Bb7 29. Qd3 Qd5 30. Qg3+ Kf8 31. Nb2 Qa5 32. Nd3 1-0

[Event "POLFINAL MISTRZOSTW POLSKI JUNIOROW 2016 - C15"]
[Site "Centrum Kongresow i Rekreacji Orle Gniazdo ul. Wrzosowa 28a, Szczyrk"]
[Date "1899-12-30"]
[Round "5.7"]
[White "Burzak, Wojciech"]
[Black "Kupiecki, Szymon"]
[Result "1/2-1/2"]
[WhiteTitle "I"]
[BlackTitle "II"]
[WhiteElo "1624"]
[BlackElo "1742"]

1. e4 c5 2. Nf3 Nc6 3. d4 cxd4 4. Nxd4 Nf6 5. Nc3 e5 6. Ndb5 d6 7. Bg5 a6 8. Na3
b5 9. Bxf6 gxf6 10. Nd5 f5 11. c3 Bg7 12. exf5 Bxf5 13. Nc2 Be6 14. Nce3 Ne7 15.
Nxe7 Qxe7 16. Qf3 Rc8 17. Nf5 Bxf5 18. Qxf5 Rc5 19. Rd1 O-O 20. Be2 d5 21. O-O
Re8 22. Rd3 d4 23. Rh3 h6 24. Qg4 Qe6 25. Qxe6 Rxe6 26. cxd4 exd4 27. Bd3 Rec6
28. Rh4 Rc1 29. Re4 Rxf1+ 30. Kxf1 Kf8 31. Ke2 b4 32. Kd2 a5 33. g3 Re6 34. Rxe6
fxe6 35. b3 e5 36. Ke2 Kf7 37. Kf3 Kf6 38. g4 Bf8 39. h4 Be7 40. Ke4 Bd6 1/2-1/2

[Event "POLFINAL MISTRZOSTW POLSKI JUNIOROW 2016 - C15"]
[Site "Centrum Kongresow i Rekreacji Orle Gniazdo ul. Wrzosowa 28a, Szczyrk"]
[Date "1899-12-30"]
[Round "5.8"]
[White "Kaminski, Antoni"]
[Black "Polczyk, Mikolaj"]
[Result "0-1"]
[WhiteTitle "II+"]
[BlackTitle "I"]
[WhiteElo "1611"]
[BlackElo "1793"]

1. e4 c5 2. Nc3 e6 3. f4 d5 4. Bb5+ Nc6 5. exd5 exd5 6. Bxc6+ bxc6 7. Nf3 Bd6 8.
d3 Qc7 9. O-O Ne7 10. Ne1 O-O 11. g3 Re8 12. Ng2 Bh3 13. Qd2 Nf5 14. Qf2 c4 15.
dxc4 d4 16. Na4 Qa5 17. b3 Re6 18. Bd2 Bb4 19. Bxb4 Qxb4 20. Rfe1 Rae8 21. Rxe6
Rxe6 22. Ne1 Qe7 23. Nb2 Re2 24. Nbd3 Rxf2 25. Nxf2 Qe3 26. Ned3 Nxg3 27. Re1
Ne2+ 0-1

[Event "POLFINAL MISTRZOSTW POLSKI JUNIOROW 2016 - C15"]
[Site "Centrum Kongresow i Rekreacji Orle Gniazdo ul. Wrzosowa 28a, Szczyrk"]
[Date "1899-12-30"]
[Round "5.9"]
[White "Marczak, Szymon"]
[Black "Rak, Maciej"]
[Result "1/2-1/2"]
[WhiteTitle "I"]
[BlackTitle "II+"]
[WhiteElo "1789"]
[BlackElo "1619"]

1. e4 c5 2. Nf3 a6 3. c3 d5 4. exd5 Qxd5 5. d4 Nf6 6. Be2 e6 7. O-O Nc6 8. Re1
Be7 9. Be3 cxd4 10. cxd4 O-O 11. Nc3 Qd8 12. Rc1 Nb4 13. Ne5 Nbd5 14. Bf3 h6 15.
Qb3 Bb4 16. Re2 Bxc3 17. bxc3 b5 18. a4 Bd7 19. axb5 axb5 20. Rb2 Be8 21. Bd2
Rc8 22. Qd1 Qd6 23. g3 Nd7 24. Nxd7 Bxd7 25. Be2 Rb8 26. Qf1 Qa3 27. Rcc2 Rfc8
28. Ra2 Qd6 29. Rab2 Qa3 30. Qe1 Kh8 31. Bd3 Kg8 32. h4 Qe7 33. Qe4 Nf6 34. Qe5
Bc6 35. Bxb5 Be4 36. Rc1 Qb7 37. Be1 Bd3 38. Bxd3 Qxb2 39. Rb1 Nd7 40. Qd6 Qxb1
41. Bxb1 Rxb1 42. Kf1 Rxc3 43. Ke2 Rc2+ 44. Kd3 Rcc1 45. Bd2 Rd1 46. Qxd7 Rb2
47. Qd8+ Kh7 48. Qa5 Rbxd2+ 49. Qxd2 Rxd2+ 50. Kxd2 Kg6 51. g4 h5 52. f3 hxg4
53. fxg4 f5 54. gxf5+ Kxf5 55. Ke3 1/2-1/2

[Event "POLFINAL MISTRZOSTW POLSKI JUNIOROW 2016 - C15"]
[Site "Centrum Kongresow i Rekreacji Orle Gniazdo ul. Wrzosowa 28a, Szczyrk"]
[Date "1899-12-30"]
[Round "5.10"]
[White "Sloniewski, Michal"]
[Black "Ciesielski, Jan"]
[Result "1-0"]
[WhiteTitle "I"]
[BlackTitle "II+"]
[WhiteElo "1579"]
[BlackElo "1784"]

1. d4 c6 2. c4 d5 3. Qc2 dxc4 4. Qxc4 Bf5 5. Nf3 e6 6. Bf4 Nf6 7. e3 Qb6 8. Qb3
Qxb3 9. axb3 Bxb1 10. Rxb1 Bb4+ 11. Kd1 Ne4 12. Bg3 Nxg3 13. hxg3 Nd7 14. Bd3
h6 15. Ke2 Ke7 16. g4 c5 17. Rbc1 Kf6 18. Bb5 Rhd8 19. Bxd7 Rxd7 20. dxc5 Rc8
21. Rc4 Bxc5 22. b4 Rdc7 23. bxc5 Rxc5 24. Rxc5 Rxc5 25. Rd1 b5 26. Nd4 e5 27.
Nb3 Rc4 28. Nd2 Rxg4 29. Kf3 Rb4 30. b3 a5 31. Ne4+ Ke7 32. Nc5 h5 33. Rd7+ Kf6
34. Ra7 a4 35. bxa4 bxa4 36. Rxa4 Rxa4 37. Nxa4 g5 38. Nc5 Kf5 39. Kg3 e4 40.
Kh3 f6 41. Nd7 Ke6 42. Nc5+ Kf5 43. Nb3 h4 44. Nd4+ Kg6 45. Kg4 Kf7 46. Kf5 Kg7
47. Ne6+ Kh6 48. Nc5 Kh5 49. Nxe4 h3 50. gxh3 Kh4 51. Nxf6 Kxh3 52. Kxg5 1-0

[Event "POLFINAL MISTRZOSTW POLSKI JUNIOROW 2016 - C15"]
[Site "Centrum Kongresow i Rekreacji Orle Gniazdo ul. Wrzosowa 28a, Szczyrk"]
[Date "1899-12-30"]
[Round "5.11"]
[White "Urbanski, Wojciech"]
[Black "Dyrda, Jakub"]
[Result "1-0"]
[WhiteTitle "II"]
[BlackTitle "II"]
[WhiteElo "1730"]
[BlackElo "1575"]

1. e4 g6 2. d4 Bg7 3. Nc3 d6 4. f4 a6 5. Nf3 b5 6. Bd3 Nd7 7. e5 c5 8. Ng5 cxd4
9. e6 f5 10. exd7+ Bxd7 11. Ne2 e5 12. O-O h6 13. Nf3 e4 14. Nexd4 exd3 15. Qxd3
Ne7 16. Re1 Qc8 17. Nh4 Rg8 18. Nxg6 Bxd4+ 19. Qxd4 Rxg6 20. Qh8+ Kf7 21. Qh7+
Rg7 22. Rxe7+ Kxe7 23. Qxg7+ Kd8 24. Be3 Qc6 25. c3 Kc7 26. Qd4 Rg8 27. Qd2 Bc8
28. Rf1 Bb7 29. Rf2 h5 30. h3 Rg3 31. Kh2 Rg8 32. Bd4 Kb8 33. Bf6 Kc7 34. Qe2
Qe4 35. Bg5 Qxe2 36. Rxe2 Rg7 37. Kg3 Be4 38. Kh4 Rh7 39. Bf6 Kd7 40. Kg5 Ke6
41. Kg6 Rf7 42. Bd4 d5 43. Kxh5 Rh7+ 44. Kg6 Rh4 45. Kg5 Rh7 46. Kg6 Rh4 47. Kg5
Rh7 48. h4 Kf7 49. h5 Kg8 50. Kg6 Rc7 51. h6 Rc6+ 52. Bf6 Rc7 53. g3 a5 54. Rh2
Rh7 55. Bg7 Bd3 56. b3 a4 57. bxa4 bxa4 58. Rb2 1-0

[Event "POLFINAL MISTRZOSTW POLSKI JUNIOROW 2016 - C15"]
[Site "Centrum Kongresow i Rekreacji Orle Gniazdo ul. Wrzosowa 28a, Szczyrk"]
[Date "1899-12-30"]
[Round "5.12"]
[White "Kukorowski, Jan"]
[Black "Lendzion, Kamil"]
[Result "1-0"]
[WhiteTitle "I"]
[BlackTitle "II"]
[WhiteElo "1700"]
[BlackElo "1417"]

1. e4 c5 2. Nc3 Nc6 3. f4 g6 4. Nf3 Bg7 5. Bb5 d6 6. d3 e6 7. O-O Nge7 8. Qe1 O-O
9. Qh4 Nd4 10. Nxd4 cxd4 11. Ne2 Nc6 12. Qf2 Qb6 13. Bc4 Na5 14. Bb3 Bd7 15. Ng3
Qc5 16. f5 exf5 17. exf5 Bxf5 18. Nxf5 Qxf5 19. Qxf5 gxf5 20. Rxf5 Nxb3 21. cxb3
Rfe8 22. Bf4 Be5 23. Rf1 f6 24. Bxe5 fxe5 25. Rg5+ Kh8 26. Rf7 Rad8 27. Rh5 Kg8
28. Rhxh7 Rc8 29. Rfg7+ Kf8 30. Rxb7 Rc1+ 31. Kf2 Kg8 32. Rbg7+ Kf8 33. Rxa7 Kg8
34. Rag7+ Kf8 35. Rd7 Kg8 36. Rhg7+ Kh8 37. Rgf7 Kg8 38. Rg7+ Kh8 39. Rh7+ Kg8
40. Rdg7+ Kf8 41. Rc7 Rxc7 42. Rxc7 d5 43. Rd7 e4 44. Rxd5 exd3 45. Rxd4 Re2+
46. Kf3 Rxb2 47. Rxd3 Rxa2 48. h4 Kg7 49. g4 Rh2 50. h5 Rh3+ 51. Ke4 Rh1 52. Kf4
Rf1+ 53. Kg5 Rc1 54. b4 1-0

[Event "POLFINAL MISTRZOSTW POLSKI JUNIOROW 2016 - C15"]
[Site "Centrum Kongresow i Rekreacji Orle Gniazdo ul. Wrzosowa 28a, Szczyrk"]
[Date "1899-12-30"]
[Round "5.13"]
[White "Butyrowski, Marcel"]
[Black "Zerebiec, Maurycy"]
[Result "1-0"]
[WhiteTitle "I"]
[BlackTitle "II"]
[WhiteElo "1742"]
[BlackElo "1488"]

1. Nf3 d5 2. c4 c6 3. e3 e6 4. Nc3 Nf6 5. b3 Nbd7 6. Bb2 Be7 7. Qc2 b6 8. d4 Bb7
9. Bd3 Rc8 10. Qe2 c5 11. cxd5 exd5 12. O-O O-O 13. Rac1 Ne4 14. Nd2 Nxd2 15.
Qxd2 cxd4 16. exd4 f5 17. Ne2 g6 18. Kh1 Re8 19. Rxc8 Qxc8 20. Ng1 Bd6 21. Re1
Nf6 22. f3 Kf7 23. Nh3 Kg7 24. Bc1 Rxe1+ 25. Qxe1 h6 26. Bd2 Qe8 27. Qc1 Ng8 28.
Nf4 Qe7 29. Ne2 Qc7 30. Qb1 Ne7 31. g3 Nc6 32. Qc1 f4 33. Bxf4 Bc8 34. Bxh6+ Kh7
35. Bd2 Ne7 36. Qf1 Bf5 37. Nf4 Qc6 38. Bxf5 Nxf5 39. Qd3 Bxf4 40. Bxf4 Qe6 41.
Be5 Qc6 42. Qd2 Qb5 43. Kg2 a5 44. g4 Nh6 45. Qc2 Nf7 46. f4 Qb4 47. Qf2 Qa3 48.
f5 Qa4 49. f6 Kh6 50. h4 1-0

[Event "POLFINAL MISTRZOSTW POLSKI JUNIOROW 2016 - C15"]
[Site "Centrum Kongresow i Rekreacji Orle Gniazdo ul. Wrzosowa 28a, Szczyrk"]
[Date "1899-12-30"]
[Round "5.14"]
[White "Zolkiewski, Jakub"]
[Black "Gazda, Dominik"]
[Result "1/2-1/2"]
[WhiteTitle "I"]
[BlackTitle "II+"]
[WhiteElo "1607"]
[BlackElo "1377"]

1. d4 d5 2. c4 e6 3. Nf3 Nf6 4. g3 Be7 5. Bg2 Nbd7 6. O-O b6 7. Nc3 Bb7 8. Ne5
c5 9. cxd5 exd5 10. Qa4 cxd4 11. Nxd7 Qxd7 12. Qxd7+ Kxd7 13. Nb5 Bc5 14. Rd1
Rhe8 15. Bh3+ Kc6 16. Nxd4+ Bxd4 17. Rxd4 Rxe2 18. Bd2 Nd7 19. Rc1+ Kd6 20. Bxd7
Kxd7 21. Bc3 f6 22. Kf1 Rae8 23. a3 Ba6 24. Kg1 Bb7 25. Kf1 R2e4 26. Kg1 Rxd4
27. Bxd4 Re4 28. Rd1 Kd6 29. Kg2 Ba6 30. Kg1 Be2 31. Rd2 Bf3 32. Kf1 Bg4 33. Kg2
Bd7 34. Be3 Bc6 35. Bd4 Re1 36. Kf3 Bb5 37. Bc3 Re4 38. Kg2 Ke6 39. h3 h5 40.
Rd4 Re2 41. Rd2 Rxd2 42. Bxd2 d4 43. f3 g5 44. h4 Kf5 45. Kf2 1/2-1/2

[Event "POLFINAL MISTRZOSTW POLSKI JUNIOROW 2016 - C15"]
[Site "Centrum Kongresow i Rekreacji Orle Gniazdo ul. Wrzosowa 28a, Szczyrk"]
[Date "1899-12-30"]
[Round "5.15"]
[White "Golinski, Kacper"]
[Black "Wolak, Kamil"]
[Result "1-0"]
[WhiteTitle "II"]
[BlackTitle "II"]
[WhiteElo "1414"]
[BlackElo "1385"]

1. e4 c5 2. Nf3 Nc6 3. Bb5 Nd4 4. Nxd4 cxd4 5. O-O a6 6. Bc4 b5 7. Bb3 e6 8. d3
Bd6 9. f4 Ne7 10. f5 Qc7 11. h3 Bb7 12. Nd2 exf5 13. exf5 Bh2+ 14. Kh1 Bxg2+ 15.
Kxg2 Qg3+ 16. Kh1 Qxh3 17. Qe2 Bf4+ 18. Kg1 Be3+ 19. Rf2 Qg3+ 20. Kf1 Qxf2+ 21.
Qxf2 Bxf2 22. Kxf2 d5 23. Nf3 h5 24. Nxd4 h4 25. Bf4 Rd8 26. Re1 Kf8 27. a4 b4
28. a5 Rh5 29. Kf3 Nxf5 30. Nxf5 Rxf5 31. Kg4 g6 32. Bc7 Rc8 33. Bd6+ Kg7 34.
Bxb4 Kh7 35. Re7 Rb8 36. Bc3 Kg8 37. Rd7 d4 38. Rxd4 Rh5 39. Kh3 Re8 40. Rf4 Re3+
41. Kh2 Re7 42. Rf6 Re2+ 43. Kh1 Rf5 44. Bxf7+ Kh7 45. Bxg6+ Kg7 46. Bxf5 h3 47.
Re6+ Kf8 48. Rxe2 h2 49. Kxh2 Kf7 50. Re6 Kg8 51. Re7 Kf8 52. Bb4 Kg8 53. Kg3
Kf8 54. Kg4 Kg8 55. Kg5 Kf8 56. Kg6 Kg8 57. Re8# 1-0

[Event "POLFINAL MISTRZOSTW POLSKI JUNIOROW 2016 - C15"]
[Site "Centrum Kongresow i Rekreacji Orle Gniazdo ul. Wrzosowa 28a, Szczyrk"]
[Date "1899-12-30"]
[Round "5.16"]
[White "Jordan, Adam"]
[Black "Wilk, Radoslaw"]
[Result "1/2-1/2"]
[WhiteTitle "II"]
[BlackTitle "II"]
[WhiteElo "1377"]
[BlackElo "1499"]

1. d4 Nf6 2. Nf3 g6 3. c4 d5 4. Nc3 Bg7 5. e3 O-O 6. cxd5 Nxd5 7. Bc4 Nxc3 8. bxc3
c5 9. O-O Qc7 10. Bd3 b6 11. Be4 Bb7 12. Bxb7 Qxb7 13. Ba3 Rd8 14. Rb1 Qc7 15.
Qb3 e6 16. dxc5 bxc5 17. Qb7 Qxb7 18. Rxb7 Na6 19. Ng5 Bxc3 20. Nxf7 Rd2 21. Rc1
Bb4 22. Bxb4 Nxb4 23. Ng5 Nd3 24. Rf1 Rxa2 25. g3 c4 26. Rc7 Rc2 27. Rb1 Nb2 28.
Nxe6 a5 29. Rg7+ Kh8 30. Rb7 c3 31. Rc7 a4 32. Nd4 Rd2 33. Rxc3 a3 34. Nb3 Rd3
35. Rxd3 Nxd3 36. Ra1 a2 37. Kg2 Rb8 38. Nd2 Rb2 39. Ne4 Nb4 40. Nc3 Rb3 41. Nxa2
Ra3 42. Nxb4 Rxa1 1/2-1/2

[Event "POLFINAL MISTRZOSTW POLSKI JUNIOROW 2016 - C15"]
[Site "Centrum Kongresow i Rekreacji Orle Gniazdo ul. Wrzosowa 28a, Szczyrk"]
[Date "1899-12-30"]
[Round "5.17"]
[White "Piersiak, Krystian"]
[Black "Byra, Aron"]
[Result "1/2-1/2"]
[WhiteTitle "II"]
[BlackTitle "II"]
[WhiteElo "1461"]
[BlackElo "1232"]

1. e4 e6 2. d4 d5 3. exd5 exd5 4. Nc3 Be6 5. Nf3 Nf6 6. Bd3 Bd6 7. O-O O-O 8. Ne2
c6 9. c3 Nbd7 10. Qc2 h6 11. Ng3 Re8 12. Nf5 Bxf5 13. Bxf5 Ne4 14. Be3 Nb6 15.
Bxe4 dxe4 16. Nd2 f5 17. c4 Bc7 18. f4 Kh8 19. Kh1 Nd7 20. Nb3 Nf6 21. Qe2 Ng4
22. g3 Nxe3 23. Qxe3 Bb6 24. c5 Bc7 25. Rad1 Qd5 26. h3 Qf7 27. Kh2 Rad8 28. Rd2
Rg8 29. h4 Rge8 30. Qe2 g5 31. hxg5 hxg5 32. Qe3 gxf4 33. gxf4 Qh5+ 34. Qh3 Qxh3+
35. Kxh3 Rg8 36. Rg2 Rxg2 37. Kxg2 Rg8+ 38. Kf2 Bxf4 39. Rh1+ Kg7 40. Rg1+ Kf7
41. Rxg8 Kxg8 42. Na5 Kf7 43. Nxb7 Ke6 44. Na5 Kd5 45. Nb3 Kc4 46. Ke2 Bc7 47.
Ke3 Kd5 48. Kd2 f4 49. Ke2 e3 50. Kf3 Kc4 51. Ke4 a5 52. Nc1 a4 53. Ne2 Kb4 54.
Kf3 Kc4 55. Ke4 Bb8 56. Nc1 Bc7 57. Ne2 Bb8 58. Nc1 Bc7 59. Ne2 Bb8 1/2-1/2

[Event "POLFINAL MISTRZOSTW POLSKI JUNIOROW 2016 - C15"]
[Site "Centrum Kongresow i Rekreacji Orle Gniazdo ul. Wrzosowa 28a, Szczyrk"]
[Date "1899-12-30"]
[Round "5.18"]
[White "Guzik, Kacper"]
[Black "Pospiech, Mateusz"]
[Result "1-0"]
[WhiteTitle "II"]
[BlackTitle "III"]
[WhiteElo "1182"]
[BlackElo "1153"]

1. e4 e6 2. d4 d5 3. exd5 exd5 4. Bd3 Be6 5. Nf3 Bd6 6. Be3 Nf6 7. Nbd2 Nbd7 8.
O-O O-O 9. c3 Nb6 10. Qc2 c6 11. Bg5 h6 12. Bh4 Be7 13. Rfe1 g5 14. Bxg5 hxg5
15. Nxg5 Qd7 16. Re3 Kg7 17. Rae1 Rae8 18. Nxe6+ fxe6 19. Rxe6 Nc8 20. Bf5 Qc7
21. Nf3 Bd6 22. Ne5 Rxe6 23. Bxe6 Bxe5 24. Rxe5 Ne4 25. Qe2 Ne7 26. Qg4+ Ng6 27.
Bf5 Qf7 28. f3 Nd6 29. Bxg6 Qxg6 30. Rg5 Rf6 31. Rxg6+ Rxg6 32. Qd7+ Nf7 33. Qxb7
Re6 34. Qxa7 Kf6 35. Qc7 Kg7 36. Kf2 Kg6 37. a4 Kf6 38. a5 Ng5 39. a6 c5 40. a7
cxd4 41. a8=Q d3 42. Qf8+ Kg6 43. Qcg7+ Kh5 44. Qfh8+ Nh7 45. Qhxh7+ Rh6 46. Qhxh6#
1-0

[Event "POLFINAL MISTRZOSTW POLSKI JUNIOROW 2016 - C15"]
[Site "Centrum Kongresow i Rekreacji Orle Gniazdo ul. Wrzosowa 28a, Szczyrk"]
[Date "1899-12-30"]
[Round "6.1"]
[White "Poplawski, Maciej"]
[Black "Kawalko, Adam"]
[Result "0-1"]
[WhiteTitle "I"]
[BlackTitle "II+"]
[WhiteElo "1875"]
[BlackElo "1659"]

1. d4 Nf6 2. Nf3 e6 3. Bg5 c5 4. e4 Be7 5. e5 Nd5 6. Bxe7 Nxe7 7. Nbd2 cxd4 8.
Nc4 O-O 9. Qxd4 Nbc6 10. Qe4 f5 11. exf6 Rxf6 12. O-O-O d5 13. Qh4 Qc7 14. Ne3
Ng6 15. Qg3 Qa5 16. Kb1 b6 17. Bd3 Nb4 18. a3 Nxd3 19. cxd3 Ba6 20. Qd6 Qc5 21.
Qxc5 bxc5 22. Rd2 Nf4 23. Ne5 d4 24. N3g4 Rf5 25. g3 Nd5 26. f4 h5 27. Nf2 g5
28. Rc1 gxf4 29. gxf4 Rc8 30. Nh3 Nxf4 31. Rg1+ Kh7 32. Nxf4 Rxf4 33. Rdg2 Rc7
34. Rg6 Re7 35. R1g3 Bb5 36. Ka2 Rf5 37. a4 Be8 38. R6g5 Rxg5 39. Rxg5 Kh6 40.
h4 Rg7 41. Nf3 Rxg5 42. Nxg5 Bxa4 43. Nxe6 c4 44. Nxd4 cxd3 45. b3 d2 46. Nf5+
Kg6 47. Ne3 Bb5 48. Kb2 Be2 49. Kc2 d1=Q+ 50. Nxd1 Bxd1+ 51. Kxd1 Kf5 52. Ke2
Kg4 53. b4 a6 54. Ke3 Kxh4 55. Kf4 Kh3 56. Kf3 h4 57. Kf2 Kg4 58. Kg2 Kf4 59.
Kh3 Ke4 0-1

[Event "POLFINAL MISTRZOSTW POLSKI JUNIOROW 2016 - C15"]
[Site "Centrum Kongresow i Rekreacji Orle Gniazdo ul. Wrzosowa 28a, Szczyrk"]
[Date "1899-12-30"]
[Round "6.2"]
[White "Namyslak, Piotr"]
[Black "Filewicz, Radoslaw"]
[Result "1/2-1/2"]
[WhiteTitle "I"]
[BlackTitle "I"]
[WhiteElo "1754"]
[BlackElo "1827"]

1. c4 Nf6 2. Nc3 c6 3. d4 d5 4. cxd5 cxd5 5. Nf3 Nc6 6. Bf4 e6 7. e3 a6 8. a3 Be7
9. Ne5 Nxe5 10. Bxe5 Bd7 11. Bd3 O-O 12. b4 Rc8 13. Kd2 a5 14. b5 Ne8 15. Qb3
Nd6 16. Bxd6 Bxd6 17. Rac1 Qe7 18. a4 b6 19. Ke2 Rc7 20. Na2 Rfc8 21. Rxc7 Rxc7
22. g3 Qg5 23. f4 Qg4+ 24. Kf2 Qh3 25. Bf1 Qf5 26. Bd3 Qh3 27. Bf1 Qf5 28. Bd3
Qh3 29. Bf1 Qf5 30. Bd3 Qf6 31. Rc1 Rxc1 32. Nxc1 g5 1/2-1/2

[Event "POLFINAL MISTRZOSTW POLSKI JUNIOROW 2016 - C15"]
[Site "Centrum Kongresow i Rekreacji Orle Gniazdo ul. Wrzosowa 28a, Szczyrk"]
[Date "1899-12-30"]
[Round "6.3"]
[White "Posluszny, Tomasz"]
[Black "Jarzebowski, Kacper"]
[Result "1-0"]
[WhiteTitle "II"]
[BlackTitle "I+"]
[WhiteElo "1783"]
[BlackElo "1852"]

1. d4 Nf6 2. c4 d6 3. Nf3 g6 4. Nc3 Bg7 5. e4 O-O 6. Be2 Nbd7 7. h3 e5 8. d5 Nh5
9. g3 a5 10. Be3 h6 11. Nh2 Ndf6 12. Ng4 Kh7 13. Qd2 Ng8 14. Nh2 Ngf6 15. g4 Nf4
16. Bxf4 exf4 17. Qxf4 Nd7 18. Qe3 Qe7 19. Bd3 Nc5 20. O-O-O a4 21. Bb1 Bd7 22.
f4 Ra6 23. Rhe1 Rb6 24. e5 Rb4 25. Rd4 Rb8 26. Nf3 Re8 27. Bc2 c6 28. dxc6 Bxc6
29. Nd5 Bxd5 30. cxd5 Rxd4 31. Qxd4 Rc8 32. Kb1 Qd7 33. f5 Qb5 34. fxg6+ fxg6
35. Qf4 Rf8 36. Qe3 Qb4 37. Nh4 Bxe5 38. Bxg6+ Kg7 39. Qe2 Bf6 40. Rf1 Bxh4 41.
Rxf8 Bf6 42. Rg8+ Kxg8 43. Qe8+ 1-0

[Event "POLFINAL MISTRZOSTW POLSKI JUNIOROW 2016 - C15"]
[Site "Centrum Kongresow i Rekreacji Orle Gniazdo ul. Wrzosowa 28a, Szczyrk"]
[Date "1899-12-30"]
[Round "6.4"]
[White "Dytman, Radoslaw"]
[Black "Dzwierzynski, Bartosz"]
[Result "1/2-1/2"]
[WhiteTitle "I"]
[BlackTitle "II"]
[WhiteElo "1771"]
[BlackElo "1650"]

1. e4 c5 2. Nf3 d6 3. d4 cxd4 4. Nxd4 Nf6 5. Nc3 g6 6. Be3 Bg7 7. Be2 O-O 8. O-O
Nc6 9. f4 Bd7 10. Nxc6 Bxc6 11. Qd3 Nd7 12. Rad1 Rc8 13. Bd4 Bxd4+ 14. Qxd4 Qb6
15. Qxb6 Nxb6 16. Rd4 Nd7 17. Rfd1 Nc5 18. g3 Ne6 19. R4d2 Nc5 20. Bf3 b5 21.
a3 Rc7 22. Kf2 a6 23. Ke3 Rfc8 24. Bg4 Rb8 25. b4 Ne6 26. f5 Nf8 27. Ne2 Bd7 28.
Rc1 Rbc8 29. c3 gxf5 30. Bxf5 Bxf5 31. exf5 Nd7 32. Ra2 a5 33. bxa5 Ra8 34. Nf4
Ne5 35. Nd5 Rca7 36. Rb1 Rxa5 37. Nxe7+ Kf8 38. Nd5 b4 39. Nxb4 Rxa3 40. Rxa3
Rxa3 41. Nd5 Ra2 42. f6 Ke8 43. h4 Kd7 44. Nf4 Kc6 45. Rb8 Ra3 46. Kd2 Ra2+ 47.
Ke3 Ra3 48. Ne2 Kd5 49. Rb5+ Ke6 50. Rb8 Kxf6 51. Rh8 Kg7 52. Rc8 Kf6 53. Rd8
Ra6 54. Nf4 Rc6 55. Ne2 Ra6 56. Nd4 Rb6 57. Ra8 Ng6 58. Ke4 Ne7 59. Ra5 d5+ 60.
Ke3 h6 61. g4 Rb1 62. Ra6+ Kg7 63. Ra7 Kf8 64. Ra8+ Kg7 65. h5 Rc1 66. Ra3 Rf1
67. Ra7 Kf8 68. Ra8+ Kg7 1/2-1/2

[Event "POLFINAL MISTRZOSTW POLSKI JUNIOROW 2016 - C15"]
[Site "Centrum Kongresow i Rekreacji Orle Gniazdo ul. Wrzosowa 28a, Szczyrk"]
[Date "1899-12-30"]
[Round "6.5"]
[White "Polczyk, Mikolaj"]
[Black "Kukorowski, Jan"]
[Result "1/2-1/2"]
[WhiteTitle "I"]
[BlackTitle "I"]
[WhiteElo "1793"]
[BlackElo "1700"]

1. e4 e6 2. d3 Nc6 3. g3 d5 4. Nd2 Nf6 5. Bg2 Bc5 6. Ngf3 dxe4 7. dxe4 e5 8. O-O
O-O 9. Qe2 Bg4 10. h3 Bh5 11. c3 Qe7 12. Nc4 Rad8 13. b4 Bb6 14. a4 a6 15. Nxb6
cxb6 16. b5 axb5 17. axb5 Na5 18. Ba3 Qc7 19. Bxf8 Kxf8 20. Rfd1 Rc8 21. g4 Bg6
22. Nh4 Nb3 23. Rab1 Nc5 24. Nxg6+ hxg6 25. c4 Ne6 26. Bf1 Nd7 27. Qe3 Ndc5 28.
Rd2 Nf4 29. Rbd1 Ke7 30. Qa3 Ke8 31. f3 g5 32. Rd6 Nfe6 33. Qa7 Nd4 34. Qxb6 Nxf3+
35. Kf2 Qxb6 36. Rxb6 Nd4 37. Ke3 Kd7 38. Rxd4+ exd4+ 39. Kxd4 Ne6+ 40. Ke3 Kc7
41. Rxe6 fxe6 42. Kd4 Rf8 43. Be2 Rd8+ 44. Ke5 Rd2 45. Bf1 Rf2 46. Bd3 Rf3 47.
Bb1 Kd7 48. c5 Rxh3 49. Ba2 Rh6 50. Bb3 Rf6 51. Ba2 Rh6 52. Bc4 Rf6 53. Bb3 Rh6
54. Ba4 Rh4 55. Bb3 1/2-1/2

[Event "POLFINAL MISTRZOSTW POLSKI JUNIOROW 2016 - C15"]
[Site "Centrum Kongresow i Rekreacji Orle Gniazdo ul. Wrzosowa 28a, Szczyrk"]
[Date "1899-12-30"]
[Round "6.6"]
[White "Paliwoda, Borys"]
[Black "Kaminski, Maciej"]
[Result "1-0"]
[WhiteTitle "II+"]
[BlackTitle "I"]
[WhiteElo "1717"]
[BlackElo "1782"]

1. e4 c5 2. Nf3 Nc6 3. d4 cxd4 4. Nxd4 Nf6 5. Nc3 e5 6. Ndb5 d6 7. Bg5 a6 8. Na3
b5 9. Nd5 Be7 10. Bxf6 Bxf6 11. c3 O-O 12. Nc2 Rb8 13. b4 Be6 14. Nce3 Bg5 15.
Be2 Qd7 16. O-O Rfc8 17. a4 Bd8 18. axb5 axb5 19. Qd2 Ne7 20. Ra3 Qc6 21. Rd1
Ra8 22. Rda1 Rxa3 23. Rxa3 Rb8 24. c4 bxc4 25. Bxc4 Bxd5 26. Bxd5 Qb6 27. Ra4
Qb5 28. Bb3 Bc7 29. h3 Nc6 30. Nd5 Qb7 31. Bc4 Bd8 32. Qa2 Qc8 33. b5 Nd4 34.
b6 Ne6 35. Ra7 Kf8 36. Qa3 Qc5 37. Qf3 Nf4 38. Nxf4 Qxc4 39. Nd5 Bf6 40. Nxf6
gxf6 41. Qxf6 Qc1+ 42. Kh2 Qf4+ 43. Qxf4 exf4 44. Ra5 Rxb6 45. Rf5 Rb4 46. f3
Ke7 47. Rxf4 d5 48. Rf5 d4 49. Rd5 Ke6 50. Kg3 Ra4 51. Kf4 Ra2 52. Rxd4 Rxg2 53.
Ra4 Kf6 54. Ra6+ Kg7 55. e5 Rh2 56. Kg3 Re2 57. f4 Re3+ 58. Kg4 h6 59. h4 Re1
60. Ra7 Rh1 61. e6 Rg1+ 62. Kf5 Rd1 63. Rxf7+ Kg8 64. Kf6 Ra1 65. Rb7 Ra8 66.
f5 Kf8 67. Rh7 Kg8 68. Rxh6 Rf8+ 69. Kg6 Ra8 70. f6 Ra2 71. f7+ Kf8 72. Rh8+ 1-0